[Event "TUR-ch"]
[Site "Antalya"]
[Date "2013.02.07"]
[Round "8"]
[White "Koksal, Recep"]
[Black "Guzelmansur, Fevzi"]
[Result "0-1"]
[WhiteElo "1920"]
[BlackElo "1584"]
[PlyCount "114"]
[EventDate "2013.02.02"]
[EventType "swiss"]
[EventRounds "11"]
[EventCountry "TUR"]
[SourceTitle "CBM 152 Extra"]
[Source "ChessBase"]
[SourceDate "2013.02.25"]
[SourceVersion "1"]
[SourceVersionDate "2013.02.25"]
[SourceQuality "1"]

1. e4 c5 2. Nf3 Nc6 3. d4 cxd4 4. Nxd4 g6 5. Nc3 Bg7 6. Be3 Nf6 7. Bc4 0-0 8. h3 a6 9. a4 d6 10. Qe2 Nd7 11. Nxc6 bxc6 12. 0-0 Qa5 13. Bd2 Ne5 14. Bb3 Qc7 15. f4 Nd7 16. a5 Nc5 17. Bc4 e6 18. b4 Nd7 19. Rab1 d5 20. Bb3 Rb8 21. f5 Bb7 22. fxe6 fxe6 23. Qg4 Qd6 24. exd5 cxd5 25. Rxf8+ Rxf8 26. Re1 e5 27. Qe4 Kh8 28. Qd3 Nf6 29. Na4 e4 30. Qe2 Nd7 31. Rf1 Bd4+ 32. Kh1 Rxf1+ 33. Qxf1 Bf6 34. c3 Kg7 35. Be3 Qc6 36. Qf2 Ne5 37. Nc5 Nd3 38. Nxd3 exd3 39. Bd4 Qe6 40. Qf4 h5 41. h4 Kf7 42. Be3 Qe5 43. Qxe5 Bxe5 44. Kg1 Bxc3 45. Bc5 Kf6 46. Kf2 Ke5 47. Ke3 d2 48. Kd3 d4 49. Bd1 Bxg2 50. b5 Be4+ 51. Kc4 Bd5+ 52. Kd3 axb5 53. a6 Be4+ 54. Ke2 Kd5 55. Be7 Kc4 56. a7 d3+ 57. Ke3 Ba8 0-1

[Event "Antakya op"]
[Site "Antakya"]
[Date "2010.07.15"]
[Round "1"]
[White "Guzelmansur, Fevzi"]
[Black "Bagaturov, Giorgi"]
[Result "0-1"]
[WhiteElo "1557"]
[BlackElo "2447"]
[PlyCount "52"]
[EventDate "2010.07.15"]
[EventType "swiss"]
[EventRounds "9"]
[EventCountry "TUR"]
[SourceTitle "CBM 137 Extra"]
[Source "ChessBase"]
[SourceDate "2010.09.01"]
[SourceVersion "1"]
[SourceVersionDate "2010.09.01"]
[SourceQuality "1"]

1. d4 Nf6 2. c4 c5 3. d5 g6 4. Nc3 d6 5. e4 Bg7 6. Be2 0-0 7. Bd2 e6 8. Nf3 exd5 9. cxd5 Re8 10. Qc2 a6 11. 0-0 b5 12. Rac1 b4 13. Nd1 Nxe4 14. Bf4 Qf6 15. g3 h6 16. Kg2 Ng5 17. Nxg5 hxg5 18. Be3 Bb7 19. Bc4 Nd7 20. Qd2 Ne5 21. Bxg5 Qf3+ 22. Kg1 Nxc4 23. Qf4 Qxd5 24. f3 Bd4+ 25. Kg2 Re2+ 26. Kh3 Bc8+ 0-1